Physical chemistry (Record no. 44)

MARC details
000 -LEADER
fixed length control field 00492 a2200193 4500
001 - CONTROL NUMBER
control field 001637
003 - CONTROL NUMBER IDENTIFIER
control field OSt
005 - DATE AND TIME OF LATEST TRANSACTION
control field 20211201161027.0
008 - FIXED-LENGTH DATA ELEMENTS--GENERAL INFORMATION
fixed length control field
082 ## - DEWEY DECIMAL CLASSIFICATION NUMBER
Classification number 541.3
Item number S32P
100 1# - MAIN ENTRY--PERSONAL NAME
Personal name Silbey, Robert J.
245 1# - TITLE STATEMENT
Title Physical chemistry
Statement of responsibility, etc by Robert J. Silbey and R.A. Alberty
250 ## - EDITION STATEMENT
Edition statement 4th ed.
260 ## - PUBLICATION, DISTRIBUTION, ETC. (IMPRINT)
Place of publication, distribution, etc New Delhi
Name of publisher, distributor, etc Wiley
Date of publication, distribution, etc 2009
300 ## - PHYSICAL DESCRIPTION
Extent 944p.
690 ## - LOCAL SUBJECT ADDED ENTRY--TOPICAL TERM (OCLC, RLIN)
Topical term or geographic name as entry element Chemistry, Physical and theoretical
700 ## - ADDED ENTRY--PERSONAL NAME
Personal name Alberty, R.A.
942 ## - ADDED ENTRY ELEMENTS (KOHA)
Source of classification or shelving scheme Dewey Decimal Classification
Koha item type Books
Holdings
Withdrawn status Lost status Source of classification or shelving scheme Damaged status Not for loan Collection code Home library Current library Date acquired Source of acquisition Cost, normal purchase price Total Checkouts Full call number Barcode Date last seen Date checked out Price effective from Koha item type
    Dewey Decimal Classification     General Text Book Central University Of Rajasthan Central University Of Rajasthan 28/09/2010 CHM 479.00 2 541.3 S32P 1629 21/11/2024 23/05/2023 02/09/2020 Books